Aesop's fables the master and his dogs / (Record no. 30100)
[ view plain ]
| 000 -LEADER | |
|---|---|
| fixed length control field | 00895nam a2200253 a 4500 |
| 005 - DATE AND TIME OF LATEST TRANSACTION | |
| control field | 20090907112625.0 |
| 008 - FIXED-LENGTH DATA ELEMENTS--GENERAL INFORMATION | |
| fixed length control field | 060731s1999 nyua b 000 0 eng d |
| 010 ## - LCCN (DPL NO) | |
| LC control number | B-357066 |
| 020 ## - INTERNATIONAL STANDARD BOOK NUMBER | |
| Terms of availability | 60.00 |
| International Standard Book Number | 9788126421886 |
| 035 ## - SYSTEM CONTROL NUMBER | |
| System control number | B-357066 |
| 037 ## - SOURCE OF ACQUISITION | |
| Source of stock number/acquisition | DBAD / PUB |
| 040 ## - CATALOGING SOURCE | |
| Original cataloging agency | dpl |
| Language of cataloging | English |
| 082 ## - DEWEY DECIMAL CLASSIFICATION NUMBER | |
| Classification number | S |
| 100 ## - MAIN ENTRY--PERSONAL NAME | |
| Personal name | Aromal T. |
| 245 ## - TITLE STATEMENT | |
| Title | Aesop's fables the master and his dogs / |
| Statement of responsibility, etc | by Aromal T. ; illustrated by Rahulkrishnan |
| 260 ## - PUBLICATION, DISTRIBUTION, ETC. (IMPRINT) | |
| Place of publication, distribution, etc | Kerala |
| Name of publisher, distributor, etc | DC Books |
| Date of publication, distribution, etc | 2008 |
| 270 ## - ADDRESS | |
| Address | DC Kizhakemuri Edam, Good Shepherd Street, Kottayam |
| City | Kerala |
| Postal code | 686001 |
| 300 ## - PHYSICAL DESCRIPTION | |
| Extent | 17p.: |
| Dimensions | 22cm(pbk) |
| Other physical details | col. ill |
| 650 ## - SUBJECT ADDED ENTRY--TOPICAL TERM | |
| Source of heading or term | Aesop's fables |
| General subdivision | Adaptation |
| 650 ## - SUBJECT ADDED ENTRY--TOPICAL TERM | |
| Source of heading or term | Fables |
| 700 ## - ADDED ENTRY--PERSONAL NAME | |
| Personal name | Rahulkrishnan |
| 942 ## - ADDED ENTRY ELEMENTS (KOHA) | |
| Source of classification or shelving scheme | Dewey Decimal Classification |
| Item type | Children Books |
| Call number suffix | ARO |
| Classification part | S |
| Withdrawn status | Lost status | Source of classification or shelving scheme | Damaged status | Not for loan | Collection code | Home library | Current library | Date acquired | Source of acquisition | Cost, normal purchase price | Total Checkouts | Total Renewals | Full call number | Barcode | Date last seen | Copy number | Cost, replacement price | Koha item type |
|---|---|---|---|---|---|---|---|---|---|---|---|---|---|---|---|---|---|---|
| Dewey Decimal Classification | Fiction | Janak Puri | Janak Puri | 07/09/2009 | DBAD / PUB | 60.00 | 10 | 1 | S ARO | B-357066 | 11/02/2011 | 1 | 60.00 | Children Books |
